[Event "Mahalla op 13th"]
[Site "Mahalla"]
[Date "2011.07.06"]
[Round "4"]
[White "Elsenbary, Elsayed"]
[Black "Hesham, Abdelrahman"]
[Result "1-0"]
[WhiteElo "2082"]
[BlackElo "2309"]
[PlyCount "79"]
[EventDate "2011.07.04"]
[EventType "swiss"]
[EventRounds "9"]
[EventCountry "EGY"]
[SourceTitle "CBM 143 Extra"]
[Source "ChessBase"]
[SourceDate "2011.08.29"]
[SourceVersion "1"]
[SourceVersionDate "2011.08.29"]
[SourceQuality "1"]

1. c4 Nf6 2. Nc3 g6 3. g3 Bg7 4. Bg2 0-0 5. e4 c5 6. Nge2 Nc6 7. 0-0 a6 8. a4 d6 9. d3 Rb8 10. Be3 Ng4 11. Bd2 Nge5 12. Be3 Nb4 13. Nc1 Nec6 14. Qd2 Re8 15. N1a2 Bd7 16. Nxb4 Nxb4 17. Nd5 Nc6 18. a5 Ne5 19. Nb6 Bh3 20. f3 Bxg2 21. Kxg2 Nc6 22. h4 e6 23. h5 Qc7 24. Rh1 Nb4 25. Rh4 d5 26. cxd5 exd5 27. Rc1 dxe4 28. Qxb4 exf3+ 29. Kf2 Rxe3 30. Rxc5 Qe7 31. Nd5 Re2+ 32. Kxf3 Qe6 33. hxg6 Re8 34. gxh7+ Kh8 35. Re4 Qh3 36. Kxe2 Qg2+ 37. Kd1 Qf1+ 38. Kc2 Qf2+ 39. Kb1 Rd8 40. Ka2 1-0